000 006490000a22002170004500
003 LK-CoMWRAF
005 20231102104430.0
008 230817t1996 ||||| |||| 00| 0 eng d
020 _a0802078338
040 _aLK-CoMWRAF
_dLK-CoMWRAF
_eLK-CoMWRAF
041 _aeng
082 _a301.01
_bBAR
100 _aBarrett, Stanley R.
245 _aAnthropology:
_bA Student's Guide to Theory and Method
260 _aLondon:
_bUniversity of Toronto Press,
_c1996
300 _axii, 270 p. ; 24 cm.
_bBibliography and index included
650 _aAnthropology
650 _aAnthropology-Philosophy
650 _aAnthropology-Methodology
942 _cBK
999 _c2999
_d2999